[Event "Mistrzostwa Miedzywojewodzkie Juniorow OP-SL C 17"]
[Site "Szczyrk"]
[Date "2012-10-21"]
[Round "7.8"]
[White "Kopel, Wojciech"]
[Black "Szmidt, Wojciech"]
[Result "0-1"]
[WhiteTitle "III"]
[BlackTitle "II"]
[WhiteElo "1521"]
[BlackElo "1510"]

1. d4 d5 2. Nf3 c6 3. Bf4 Bf5 4. e3 Nf6 5. Bd3 Bg6 6. h3 e6 7. c3 Qb6 8. Bxg6 hxg6
9. Qb3 Qa6 10. Qc2 Nbd7 11. Nbd2 c5 12. Rc1 Qxa2 13. O-O Qa6 14. Ra1 Qb6 15. Qb3
Qc6 16. Ne5 Nxe5 17. Bxe5 Nd7 18. Nf3 c4 19. Qa4 Qxa4 20. Rxa4 Nxe5 21. Nxe5 Bd6
22. Rfa1 Bxe5 23. dxe5 a6 24. Rb4 Ra7 25. Rb6 Kd7 26. Rd6+ Kc7 27. e4 Raa8 28.
exd5 Rhd8 29. dxe6 Rxd6 30. exd6+ Kxd6 31. exf7 Ke7 32. Rd1 b5 33. f3 a5 34. Rd5
Rb8 35. Rc5 Kxf7 36. Kf2 a4 37. Ke3 b4 38. Rxc4 a3 39. bxa3 b3 40. Rd4 b2 41.
Rd1 b1=Q 42. Rxb1 Rxb1 43. Kd3 Ra1 44. Kd4 Rxa3 45. c4 Ke6 46. Kc5 Rc3 47. Kb4
Rc2 48. Kc5 Rxg2 49. Kb6 Rc2 50. Kc5 Rc3 0-1

[Event "Mistrzostwa Miedzywojewodzkie Juniorow OP-SL C 17"]
[Site "Szczyrk"]
[Date "2012-10-21"]
[Round "8.1"]
[White "Mroziak, Maciej"]
[Black "Paszewski, Mateusz"]
[Result "1/2-1/2"]
[WhiteTitle "I++"]
[BlackTitle "I+"]
[WhiteElo "2164"]
[BlackElo "2051"]

1. e4 c5 2. Nf3 Nc6 3. c3 Nf6 4. e5 Nd5 5. d4 cxd4 6. cxd4 d6 7. Bc4 Nb6 8. Bb3
dxe5 9. d5 Na5 10. Nc3 f6 11. O-O g6 12. Be3 Bg7 13. Rc1 Bd7 14. Nd2 f5 15. Qe2
Nxb3 16. Nxb3 Nc8 17. f4 1/2-1/2

[Event "Mistrzostwa Miedzywojewodzkie Juniorow OP-SL C 17"]
[Site "Szczyrk"]
[Date "2012-10-21"]
[Round "8.2"]
[White "Jachym, Adam"]
[Black "Dzierzak, Radoslaw"]
[Result "1/2-1/2"]
[WhiteTitle "II"]
[BlackTitle "I+"]
[WhiteElo "1922"]
[BlackElo "1918"]

1. e4 c5 2. Nf3 e6 3. d4 cxd4 4. Nxd4 a6 5. c4 Nf6 6. Nc3 Bb4 7. Bd3 Nc6 8. Nde2
d5 9. exd5 exd5 10. cxd5 Nxd5 11. O-O Nxc3 12. Nxc3 O-O 13. Bf4 Be6 14. Qf3 Qf6
15. Qg3 Bxc3 16. bxc3 Bf5 1/2-1/2

[Event "Mistrzostwa Miedzywojewodzkie Juniorow OP-SL C 17"]
[Site "Szczyrk"]
[Date "2012-10-21"]
[Round "8.3"]
[White "Faron, Rafal"]
[Black "Szolc, Grzegorz"]
[Result "1/2-1/2"]
[WhiteTitle "II+"]
[BlackTitle "II+"]
[WhiteElo "1900"]
[BlackElo "1774"]

1. d4 Nf6 2. Bg5 d5 3. e3 e6 4. Nf3 Nbd7 5. c4 Bb4+ 6. Nc3 c5 7. Bxf6 Nxf6 8. a3
Bxc3+ 9. bxc3 Qa5 10. Qb3 O-O 11. Be2 cxd4 1/2-1/2

[Event "Mistrzostwa Miedzywojewodzkie Juniorow OP-SL C 17"]
[Site "Szczyrk"]
[Date "2012-10-21"]
[Round "8.4"]
[White "Klimek, Marcin"]
[Black "Janulek, Dawid"]
[Result "1/2-1/2"]
[WhiteTitle "I"]
[BlackTitle "I"]
[WhiteElo "1863"]
[BlackElo "1810"]

1. e4 e6 2. d4 d5 3. Nc3 Bb4 4. e5 c5 5. Bd2 cxd4 6. Nb5 Bc5 7. Qg4 Kf8 8. Nxd4
Nc6 9. Nxc6 bxc6 10. O-O-O Qb6 11. Bc3 Ba6 12. Nh3 Rb8 13. Ng5 h6 14. Nxe6+ fxe6
15. Bxa6 Qxa6 16. Rd3 Ne7 17. Qxe6 Rg8 18. Qd7 Kf7 19. Rg3 g5 20. Rf3+ Kg6 21.
Qe6+ Kh7 22. Rf7+ Rg7 23. h4 Qxa2 24. Qxh6+ Kxh6 25. hxg5+ Kxg5 26. Bd2+ Kg4 27.
Rf4+ Kg5 28. Rf6+ Kg4 1/2-1/2

[Event "Mistrzostwa Miedzywojewodzkie Juniorow OP-SL C 17"]
[Site "Szczyrk"]
[Date "2012-10-21"]
[Round "8.5"]
[White "Burakowski, Marek"]
[Black "Klus, Maciej"]
[Result "0-1"]
[WhiteTitle "II+"]
[BlackTitle "II"]
[WhiteElo "1701"]
[BlackElo "1766"]

1. e4 c6 2. d4 d5 3. Nc3 dxe4 4. Nxe4 Nd7 5. Ng3 Ngf6 6. Nf3 e6 7. Bd3 c5 8. c3
Qc7 9. Qe2 Bd6 10. O-O O-O 11. Ne4 Nxe4 12. Qxe4 Nf6 13. Qh4 Be7 14. Bf4 Qd8 15.
Be5 g6 16. Qh6 Ne8 17. Rad1 cxd4 18. Bb5 f6 19. Bxd4 Qa5 20. a4 a6 21. b4 Qc7
22. Bxe8 Rxe8 23. Rfe1 Bf8 24. Qh4 g5 25. Qe4 e5 26. a5 Be6 27. Bb6 Qxc3 28. Rc1
Qxb4 29. Qxb7 Qb5 30. Rc7 Bd5 31. Rc5 Bxb7 32. Rxb5 axb5 33. Ra1 Rec8 34. Ne1
Rc3 35. Rd1 b4 36. Nd3 b3 37. Nb2 Ba3 38. Na4 Rc1 0-1

[Event "Mistrzostwa Miedzywojewodzkie Juniorow OP-SL C 17"]
[Site "Szczyrk"]
[Date "2012-10-21"]
[Round "8.7"]
[White "Slany, Wiktor"]
[Black "Drela, Michal"]
[Result "1-0"]
[WhiteTitle "II"]
[BlackTitle "I"]
[WhiteElo "1622"]
[BlackElo "1620"]

1. e4 d5 2. exd5 Qxd5 3. Nc3 Qa5 4. d4 c6 5. Bc4 Nf6 6. Nge2 Bf5 7. O-O e6 8. Ng3
Bd6 9. Nxf5 Qxf5 10. Bd2 O-O 11. Bd3 Qh5 12. Qxh5 Nxh5 13. Ne4 Be7 14. f4 Nf6
15. Rae1 Nbd7 16. f5 e5 17. Bc3 exd4 18. Bxd4 Nxe4 19. Rxe4 Bf6 20. Rfe1 c5 21.
Bxf6 Nxf6 22. Re7 b6 23. Bc4 a6 24. a4 g6 25. fxg6 hxg6 26. Rb7 Kg7 27. Ree7 Ng4
28. Bxf7 Kf6 29. Re6+ Kf5 30. Rexb6 Rad8 31. Be6+ Kg5 32. Bxg4 Kxg4 33. h3+ Kh4
34. Rxg6 1-0

[Event "Mistrzostwa Miedzywojewodzkie Juniorow OP-SL C 17"]
[Site "Szczyrk"]
[Date "2012-10-21"]
[Round "8.8"]
[White "Szusterowski, Przemyslaw"]
[Black "Kopel, Wojciech"]
[Result "1-0"]
[WhiteTitle "I"]
[BlackTitle "III"]
[WhiteElo "1949"]
[BlackElo "1521"]

1. d4 d5 2. c4 c6 3. Nc3 Bf5 4. Nf3 Nf6 5. e3 e6 6. Be2 Bd6 7. O-O O-O 8. Nh4 Bg6
9. Nxg6 fxg6 10. Rb1 Qe7 11. a3 Re8 12. b4 e5 13. cxd5 Nxd5 14. Bc4 Kh8 15. Nxd5
cxd5 16. Bxd5 exd4 17. Qxd4 Nc6 18. Bxc6 bxc6 19. Bb2 Rad8 20. Qg4 Be5 21. Bxe5
Qxe5 22. Rfd1 Qc3 23. Qg5 Rc8 24. a4 Qc2 25. Rbc1 Qxa4 26. Rd4 Qb5 27. Qg3 Qf5
28. Rcd1 h6 29. h4 Rf8 30. Rd7 Rf7 31. Rxf7 Qxf7 32. Rd6 Kh7 33. e4 c5 34. bxc5
Rxc5 35. e5 Rc1+ 36. Kh2 Re1 37. h5 g5 38. Qd3+ 1-0

[Event "Mistrzostwa Miedzywojewodzkie Juniorow OP-SL C 17"]
[Site "Szczyrk"]
[Date "2012-10-21"]
[Round "9.1"]
[White "Wielek, Thomas"]
[Black "Mroziak, Maciej"]
[Result "1/2-1/2"]
[WhiteTitle "I"]
[BlackTitle "I++"]
[WhiteElo "1835"]
[BlackElo "2164"]

1. e4 g6 2. Nc3 Bg7 3. f4 d6 4. Nf3 a6 5. g3 b5 6. Bg2 Bb7 7. d3 Nd7 8. O-O e6
9. h3 Ne7 10. g4 O-O 11. Ne2 h6 12. Ng3 f5 13. Qe2 fxg4 14. hxg4 Nc6 15. f5 exf5
16. gxf5 Nde5 17. c3 Nxf3+ 18. Bxf3 Ne5 19. fxg6 Qh4 20. Kg2 Nxg6 21. Nf5 Qf6
22. Be3 Rae8 23. Rh1 Qxf5 24. exf5 Nf4+ 25. Bxf4 Rxe2+ 26. Kg3 Bxf3 27. Kxf3 Rxb2
28. Rag1 1/2-1/2

[Event "Mistrzostwa Miedzywojewodzkie Juniorow OP-SL C 17"]
[Site "Szczyrk"]
[Date "2012-10-21"]
[Round "9.2"]
[White "Klus, Maciej"]
[Black "Jachym, Adam"]
[Result "0-1"]
[WhiteTitle "II"]
[BlackTitle "II"]
[WhiteElo "1766"]
[BlackElo "1922"]

1. d4 d5 2. Nf3 Nf6 3. c4 c6 4. e3 Bf5 5. Nc3 e6 6. Qb3 Qb6 7. Qxb6 axb6 8. cxd5
exd5 9. Nh4 Be6 10. Bd3 b5 11. b3 Nbd7 12. O-O Nb6 13. f4 Be7 14. f5 Bc8 15. Nf3
O-O 16. Bd2 Re8 17. a4 Nxa4 18. Nxa4 bxa4 19. bxa4 Bd6 20. h3 h6 21. a5 Ne4 22.
Bxe4 Rxe4 23. Rfb1 Ra7 24. Rc1 Bxf5 25. a6 Bd7 26. axb7 Rxb7 27. Rcb1 Rxb1+ 28.
Rxb1 c5 29. Rb6 Re6 30. dxc5 Bxc5 31. Rb8+ Re8 32. Rb7 Be6 33. Nd4 Be7 34. Kf2
Bf6 35. Kf3 Kh7 36. Bb4 Kg6 37. Ne2 Be5 38. Nf4+ Kh7 39. Rb5 Rb8 40. Rxb8 Bxb8
41. Bc3 Bd6 42. Bd4 g5 43. Nh5 Kg6 44. g4 Bd7 45. Ng3 f5 46. gxf5+ Bxf5 47. Kf2
Bd3 48. Kf3 h5 49. e4 h4 50. e5 Bc7 51. Ke3 Bf5 52. Nxf5 Kxf5 0-1

[Event "Mistrzostwa Miedzywojewodzkie Juniorow OP-SL C 17"]
[Site "Szczyrk"]
[Date "2012-10-21"]
[Round "9.3"]
[White "Janulek, Dawid"]
[Black "Dzierzak, Radoslaw"]
[Result "1/2-1/2"]
[WhiteTitle "I"]
[BlackTitle "I+"]
[WhiteElo "1810"]
[BlackElo "1918"]

1. e4 e5 2. Nf3 Nc6 3. Bb5 a6 4. Ba4 Nf6 5. O-O Nxe4 6. d4 exd4 7. Re1 d5 8. Nxd4
Bd6 9. Nxc6 Bxh2+ 10. Kxh2 Qh4+ 11. Kg1 Qxf2+ 12. Kh2 Qh4+ 13. Kg1 1/2-1/2

[Event "Mistrzostwa Miedzywojewodzkie Juniorow OP-SL C 17"]
[Site "Szczyrk"]
[Date "2012-10-21"]
[Round "9.5"]
[White "Szolc, Grzegorz"]
[Black "Klimek, Marcin"]
[Result "0-1"]
[WhiteTitle "II+"]
[BlackTitle "I"]
[WhiteElo "1774"]
[BlackElo "1863"]

1. e4 e6 2. d4 d5 3. Nc3 Bb4 4. e5 c5 5. a3 Bxc3+ 6. bxc3 Ne7 7. Qg4 O-O 8. Bd3
f5 9. exf6 Rxf6 10. Bg5 Rf7 11. Qh5 g6 12. Qd1 Qf8 13. Nf3 Nbc6 14. O-O Qg7 15.
Be3 Nf5 16. Bxf5 Rxf5 17. Nh4 Rh5 18. Nf3 Rf5 19. Nh4 Rf7 20. f4 Rc7 21. Nf3 Bd7
22. a4 Rac8 23. c4 cxd4 24. cxd5 dxe3 25. dxc6 Bxc6 26. Ng5 Bd5 27. Rc1 h6 28.
Nh3 e2 29. Qxe2 Bc4 30. Qe4 Bxf1 31. Qxe6+ Qf7 32. Qxf7+ Kxf7 33. Rxf1 Rxc2 34.
f5 g5 35. Nf2 Rc1 36. Ne4 Rxf1+ 37. Kxf1 Rc1+ 38. Kf2 Ra1 39. Nd6+ Kf6 40. Nxb7
Rxa4 41. Nd6 Ra6 0-1

[Event "Mistrzostwa Miedzywojewodzkie Juniorow OP-SL C 17"]
[Site "Szczyrk"]
[Date "2012-10-21"]
[Round "9.6"]
[White "Slany, Wiktor"]
[Black "Stemplewski, Kamil"]
[Result "1-0"]
[WhiteTitle "II"]
[BlackTitle "II"]
[WhiteElo "1622"]
[BlackElo "1551"]

1. e4 c5 2. Nf3 d6 3. d4 cxd4 4. Nxd4 Nf6 5. Nc3 a6 6. Bc4 e6 7. Bb3 b5 8. Bg5
Be7 9. Qf3 Qc7 10. O-O-O O-O 11. e5 dxe5 12. Bxf6 gxf6 13. Ndxb5 axb5 14. Qxa8
Nc6 15. Nxb5 Qb6 16. Qa4 Qxf2 17. Qg4+ Kh8 18. Nd6 Bxd6 19. Rxd6 Qc5 20. Rd3 Rg8
21. Qh4 Rg6 22. Rhd1 Ba6 23. Rc3 Qb6 24. Rh3 h6 25. Rg3 Rxg3 26. Qxh6+ Kg8 27.
hxg3 Ne7 28. Qxf6 Qc7 29. Rh1 Ng6 30. Bxe6 fxe6 31. Qxg6+ Qg7 32. Qe8+ Qf8 33.
Rh8+ Kxh8 34. Qxf8+ 1-0

[Event "Mistrzostwa Miedzywojewodzkie Juniorow OP-SL C 17"]
[Site "Szczyrk"]
[Date "2012-10-21"]
[Round "9.7"]
[White "Paszewski, Mateusz"]
[Black "Drela, Michal"]
[Result "1/2-1/2"]
[WhiteTitle "I+"]
[BlackTitle "I"]
[WhiteElo "2051"]
[BlackElo "1620"]

1. c4 c6 2. g3 d5 3. Bg2 e6 4. Qc2 Nf6 5. Nf3 Bd6 6. d4 O-O 7. Nbd2 Nbd7 8. O-O
e5 9. dxe5 Nxe5 10. Nxe5 Bxe5 11. Nf3 Bd6 12. Rd1 Be6 13. Ng5 Rc8 14. b3 Be5 15.
Bb2 Bxb2 16. Qxb2 Qe7 17. cxd5 Bxd5 18. Bxd5 Nxd5 19. Nf3 Rfe8 20. Rd2 Rcd8 21.
Rad1 Nf6 22. e3 Ne4 23. Rd4 c5 24. Rxd8 Rxd8 25. Rxd8+ Qxd8 26. Qe5 Nf6 27. Qxc5
b6 28. Qd4 Qc7 29. Ne5 h6 30. h3 Qc1+ 31. Kg2 Qc7 32. b4 Qb7+ 33. Kg1 Qd5 34.
Qxd5 Nxd5 35. Nc6 Kf8 36. Kg2 a6 37. Kf3 Ke8 38. e4 Nc3 39. a3 f6 40. Ke3 g6 41.
f4 Kf7 42. e5 Ke6 43. exf6 Kxf6 44. Ne5 b5 45. Nd7+ Ke7 46. Nc5 Nb1 47. a4 Nc3
48. axb5 axb5 49. Nd3 Ke6 50. Kd4 Ne2+ 51. Kc5 Nxg3 52. Kxb5 g5 53. Kc6 gxf4 54.
Nxf4+ Ke5 55. Nd3+ Kd4 56. Nf4 Ke4 57. Ng6 Nf5 58. Kd7 Nd4 59. h4 Kf5 60. Nf8
Kg4 61. Ne6 Nb5 62. Kc6 Na3 63. Nd4 Kxh4 1/2-1/2

[Event "Mistrzostwa Miedzywojewodzkie Juniorow OP-SL C 17"]
[Site "Szczyrk"]
[Date "2012-10-21"]
[Round "9.9"]
[White "Kopel, Wojciech"]
[Black "Burakowski, Marek"]
[Result "0-1"]
[WhiteTitle "III"]
[BlackTitle "II+"]
[WhiteElo "1521"]
[BlackElo "1701"]

1. d4 d5 2. Nf3 Nf6 3. Bf4 Bf5 4. e3 e6 5. Bd3 Bg6 6. Bxg6 hxg6 7. h3 c5 8. O-O
c4 9. c3 Bd6 10. Nbd2 Bxf4 11. exf4 Nc6 12. Ne5 Qc7 13. Ndf3 Ne4 14. Qa4 O-O 15.
Nxc6 bxc6 16. Ne5 Rfc8 17. b3 Nxc3 18. Qa3 Ne2+ 19. Kh1 Nxd4 20. Qb2 c5 21. bxc4
Rab8 22. Qd2 Rb7 23. Rab1 Rcb8 24. Rxb7 Qxb7 25. cxd5 exd5 26. Rc1 Ne6 27. Qa5
c4 28. Rd1 Nxf4 29. Kh2 Qb2 30. Qc7 Rf8 31. Nf3 Ne6 32. Qxa7 c3 33. Qe3 c2 34.
Rc1 d4 35. Qd2 d3 36. Ne1 Rd8 37. a4 Qxc1 38. Qxc1 d2 0-1